| 000 | 00577nam a2200157 i 4500 | ||
|---|---|---|---|
| 001 | 22359 | ||
| 003 | ES-MaACL | ||
| 005 | 20230906152659.0 | ||
| 007 | t| | ||
| 008 | 021202s1914 sp ||||1| spa d | ||
| 100 | 1 |
_aAldecoa y Villasante, José. _919633 |
|
| 245 | 1 | 0 |
_aDiscurso leído por el Excmo. D. José Aldecoa y Villasante, presidente del Tribunal Supremo, en la solemne apertura de los tribunales celebrada el 15 de septiembre de 1914 / _cJosé Aldecoa y Villasante. |
| 260 |
_aMadrid : _bLa Editora, _c1914. |
||
| 300 |
_a60 p. ; _c25 cm. |
||
| 852 |
_aES-MaACL _jF-8972 |
||
| 999 |
_c22359 _d22359 |
||